Les mystiques espagnols (Record no. 164028)

MARC details
000 -LEADER
campo de control de longitud fija 00755nam a22001815i 4500
001 - NÚMERO DE CONTROL
campo de control 164028
003 - IDENTIFICADOR DE NÚMERO DE CONTROL
campo de control ES-MaACL
005 - FECHA Y HORA DE LA ÚLTIMA TRANSACCIÓN
campo de control 20230906212846.0
008 - DATOS DE LONGITUD FIJA--INFORMACIÓN GENERAL
campo de control de longitud fija 990315s1867 fr |||| | fre d
100 1# - ENTRADA PRINCIPAL--NOMBRE DE PERSONA
Nombre de persona Rousselot, Paul.
9 (RLIN) 132112
245 14 - MENCIÓN DEL TÍTULO
Título Les mystiques espagnols
Resto del título : Malon de Chaide, Jean d'Avila, Louis de Grenade, Louis de Léon, Ste. Thérèse, S. Jean de la Croix et leur groupe /
Mención de responsabilidad, etc. par Paul Rousselot.
260 ## - PUBLICACIÓN, DISTRIBUCIÓN, ETC.
Lugar de publicación, distribución, etc. Paris :
Nombre del editor, distribuidor, etc. Librairie Académique Didier et Cie.,
Fecha de publicación, distribución, etc. 1867 (
Lugar de fabricación/manufactura Dijon :
Fabricante Imp. J.-E. Rabutôt)
300 ## - DESCRIPCIÓN FÍSICA
Extensión VIII, 500 p. ;
Dimensiones 23 cm.
650 #4 - PUNTO DE ACCESO ADICIONAL DE MATERIA--TÉRMINO DE MATERIA
Término de materia o nombre geográfico como elemento de entrada Misticismo-
Subdivisión geográfica España.
9 (RLIN) 138735
650 ## - PUNTO DE ACCESO ADICIONAL DE MATERIA--TÉRMINO DE MATERIA
Término de materia o nombre geográfico como elemento de entrada Literatura mística española-
Subdivisión general Historia y crítica.
9 (RLIN) 149216
752 ## - ENTRADA AGREGADA--NOMBRE JERÁRQUICO DEL LUGAR
País o entidad superior Francia -
Ciudad París
852 ## - LOCALIZACIÓN
Ubicación ES-MaACL
Número de control de estantería G-11931
Nota libre - Enc. hol.
Holdings
Estatus retirado Estado de pérdida Estado de daño No para préstamo Colección Biblioteca de origen Biblioteca actual Ubicación en estantería Fecha de adquisición Fuente de adquisición Total de préstamos Signatura topográfica completa Código de barras Visto por última vez Precio de reemplazo Tipo de ítem Koha
        Libros del s. XIX Biblioteca del Ateneo de Madrid Biblioteca del Ateneo de Madrid Sala Pecera Planta 3 17/01/2008     G-11931 1171911 23/02/2023 23/02/2023 Libro impreso antiguo